| 000 | 00599cam a2200169 i 4500 | ||
|---|---|---|---|
| 005 | 20251215110858.0 | ||
| 008 | 250721s1983 jo gr 000 0 ara d | ||
| 082 | 1 | 4 |
_a216,9 _bم ح م |
| 100 | 1 |
_aالخالدي، محمود _eمؤلف. |
|
| 245 | 1 | 0 |
_aقواعد نظام الحكم في الإسلام / _cحسام الدين وصلاح الدين ونور الدين . |
| 250 | _aالطبعة الثانية. | ||
| 264 | 3 | 1 |
_aعمان : _bمكتبة المحتسب، _c1983. |
| 300 | _a347صفحة. | ||
| 650 | 1 | 7 | _aالأحكام السلطانية. |
| 942 |
_2ddc _cBK |
||
| 999 |
_c2945 _d2945 |
||